书目信息 |
| 题名: |
数据大泄漏
|
|
| 作者: | 大卫杜夫 著 ;马多贺 , 陈凯 , 周川 译 | |
| 分册: | ||
| 出版信息: | 北京 机械工业出版社 2021.06 |
|
| 页数: | XVI, 404页 | |
| 开本: | 24cm | |
| 丛书名: | 网络空间安全技术丛书 | |
| 单 册: | ||
| 中图分类: | TP274 | |
| 科图分类: | ||
| 主题词: | 数据处理--shu ju chu li--安全技术 | |
| 电子资源: | ||
| ISBN: | 978-7-111-68227-1 | |
| 000 | 01720nam 2200349 450 | |
| 001 | 202021192390 | |
| 005 | 20211025120136.0 | |
| 010 | @a978-7-111-68227-1@dCNY139.00 | |
| 100 | @a20210922d2021 em y0chiy50 ea | |
| 101 | 1 | @achi@ceng |
| 102 | @aCN@b110000 | |
| 105 | @aa a 000yy | |
| 106 | @ar | |
| 200 | 1 | @a数据大泄漏@Ashu ju da xie lou@e隐私保护危机与数据安全机遇@f(美) 雪莉·大卫杜夫著@d= Data breaches@ecrisis and opportunity@fSherri Davidoff@g马多贺, 陈凯, 周川译@zeng |
| 210 | @a北京@c机械工业出版社@d2021.06 | |
| 215 | @aXVI, 404页@c图@d24cm | |
| 225 | 2 | @a网络空间安全技术丛书@Awang luo kong jian an quan ji shu cong shu |
| 306 | @a由Pearson Education (培生教育出版集团) 授权出版 | |
| 314 | @a雪莉·大卫杜夫, 数字取证和网络安全领域公认的专家等。马多贺, 博士, CISSP, CCF高级会员。陈凯, 中国科学院信息工程研究所信息安全国家重点实验室助理研究员等职。周川, 中国科学院大学网络空间安全学院硕士等。 | |
| 320 | @a有书目 | |
| 330 | @a本书介绍了真实的企业数据泄露案例, 读者在了解这些案例的过程中, 会深刻地明白, 为什么数据等于风险, 影响数据泄露的五个因素, 数据泄露为何是危机也是机遇, 数据泄露响应模型DRAMA的含义, 常见的数据泄露, 针对特定行业的数据泄露的响应策略, 以及技术供应链上的风险转移。 | |
| 410 | 0 | @12001 @a网络空间安全技术丛书 |
| 500 | 10 | @aData breaches : crisis and opportunity@mChinese |
| 517 | 1 | @a隐私保护危机与数据安全机遇@Ayin si bao hu wei ji yu shu ju an quan ji yu |
| 606 | 0 | @a数据处理@Ashu ju chu li@x安全技术 |
| 690 | @aTP274@v5 | |
| 701 | 1 | @a大卫杜夫@Ada wei du fu@g(Davidoff, Sherri)@4著 |
| 702 | 0 | @a马多贺@Ama duo he@4译 |
| 702 | 0 | @a陈凯@Achen kai@4译 |
| 702 | 0 | @a周川@Azhou chuan@4译 |
| 801 | 0 | @aCN@c20210909 |
| 905 | @a河南城建学院图书馆@dTP274@eD088 | |
| 数据大泄漏:隐私保护危机与数据安全机遇/(美) 雪莉·大卫杜夫著= Data breaches:crisis and opportunity/Sherri Davidoff/马多贺, 陈凯, 周川译.-北京:机械工业出版社,2021.06 |
| XVI, 404页:图;24cm.-(网络空间安全技术丛书) |
| ISBN 978-7-111-68227-1:CNY139.00 |
| 本书介绍了真实的企业数据泄露案例, 读者在了解这些案例的过程中, 会深刻地明白, 为什么数据等于风险, 影响数据泄露的五个因素, 数据泄露为何是危机也是机遇, 数据泄露响应模型DRAMA的含义, 常见的数据泄露, 针对特定行业的数据泄露的响应策略, 以及技术供应链上的风险转移。 |
| ● |
| 相关链接 |
|
|
|
正题名:数据大泄漏
索取号:TP274/D088
 
预约/预借
| 序号 | 登录号 | 条形码 | 馆藏地/架位号 | 状态 | 备注 |
| 1 | 1541462 | 215414629 | 自科库301/301自科库 42排2列1层/ [索取号:TP274/D088] | 在馆 |